Online Catalogue and eLibrary

Contemporary Personal Impressions upon : (Record no. 484)

MARC details
000 -LEADER
fixed length control field 00486nam a22001577a 4500
005 - DATE AND TIME OF LATEST TRANSACTION
control field 20240226012843.0
008 - FIXED-LENGTH DATA ELEMENTS--GENERAL INFORMATION
fixed length control field 240226b |||||||| |||| 00| 0 eng d
020 ## - INTERNATIONAL STANDARD BOOK NUMBER
ISBN 9810033613
082 ## - DDC Classification
DDC Edition Number 22
Class No. 322.44
Item Number - Author Mark con.
100 ## - MAIN ENTRY--PERSONAL NAME
Personal name Singh, Mehervan DR.
245 ## - TITLE STATEMENT
Title Contemporary Personal Impressions upon :
Remainder of title Indian Independence movement and punjabi suba struggle /
Statement of responsibility, etc. Dr. Mehervan Singh.
260 ## - PUBLICATION, DISTRIBUTION, ETC.
Place of publication, distribution, etc. Singapore :
Name of publisher, distributor, etc. Maja Marketing /
Date of publication, distribution, etc. 1992
300 ## - PHYSICAL DESCRIPTION
Extent (e.g. Volumes, Pages etc.) 206 p :
650 ## - SUBJECT ADDED ENTRY--TOPICAL TERM
Topical term or geographic name entry element Historial.
942 ## - Koha item type (Biblio)
Koha item type Books in Stacks (Lending)
Holdings
Lost status Damaged status Collection code Home library Current library Date acquired Full call number Accession Number Item type
    Lending WERC Library WERC Library 02/26/2024 322.44 con. 2088 Books in Stacks (Lending)

© WERC Library